A guide to the operation of the agreement for facilitating the international circulation of visual and auditory materials of on educational, scientific and cultural character : "Beirut Agreement (Record no. 135248)
[ view plain ]
| 000 -CABECERA | |
|---|---|
| campo de control de longitud fija | 00648nam a2200181 a 4500 |
| 005 - FECHA Y HORA DE LA ÚLTIMA TRANSACCIÓN | |
| campo de control | 20210219160319.0 |
| 008 - ELEMENTOS DE LONGITUD FIJA--INFORMACIÓN GENERAL | |
| campo de control de longitud fija | 081009s2000 mx r 000 0 spa d |
| 035 ## - NÚMERO DE CONTROL DEL SISTEMA | |
| Número de control de sistema | UPN01000163135 |
| 049 ## - COLECCIÓN | |
| Colección | UNE |
| 080 ## - NÚMERO DE CLASIFICACIÓN DECIMAL UNIVERSAL | |
| Número de la Clasificación Decimal Universal | OC 341.24: 008 (100)=20 "1969" GUI. |
| 245 10 - MENCIÓN DE TÍTULO | |
| Título | A guide to the operation of the agreement for facilitating the international circulation of visual and auditory materials of on educational, scientific and cultural character : "Beirut Agreement |
| 250 ## - MENCIÓN DE EDICIÓN | |
| Mención de edición | 2a ed. |
| 260 ## - PUBLICACIÓN, DISTRIBUCIÓN, ETC. | |
| Lugar de publicación, distribución, etc. | Paris : UNESCO, 1969. |
| 300 ## - DESCRIPCIÓN FÍSICA | |
| Extensión | 31 p. |
| 690 ## - PUNTO DE ACCESO ADICIONAL DE MATERIA LOCAL--TÉRMINO DE MATERIA (OCLC, RLIN) | |
| Término de materia o nombre geográfico como elemento inicial | Acuerdos culturales- Instrumentos internacionales |
| 710 2# - ASIENTO SECUNDARIO - NOMBRE CORPORATIVO | |
| Nombre de entidad corporativa o nombre de jurisdicción como elemento de entrada | UNESCO |
| 905 ## - TIPO DE MATERIAL | |
| Tipo de material | UNESCO |
No items available.
